[Monasterio de Santa María de Carracedo (Record no. 85808)

MARC details
000 -LEADER
campo de control de longitud fija 02197nkc a22002777a 4500
001 - NÚMERO DE CONTROL
campo de control 85808
005 - FECHA Y HORA DE LA ÚLTIMA TRANSACCIÓN
campo de control 20260417104434.0
007 - CAMPO FIJO DE DESCRIPCIÓN FÍSICA--INFORMACIÓN GENERAL
campo de control de longitud fija kh boc
008 - DATOS DE LONGITUD FIJA--INFORMACIÓN GENERAL
campo de control de longitud fija 260416s1910 sp ||||| |||| |0| i|spa d
040 ## - FUENTE DE CATALOGACIÓN
Centro catalogador/agencia de origen M-RABA
Lengua de catalogación spa
Centro/agencia transcriptor M-RABA
245 01 - MENCIÓN DEL TÍTULO
Título [Monasterio de Santa María de Carracedo
Resto del título : detalles de capiteles y óculo románicos]
Medio [Material gráfico]
260 ## - PUBLICACIÓN, DISTRIBUCIÓN, ETC.
Fecha de publicación, distribución, etc. [ca. 1910]
300 ## - DESCRIPCIÓN FÍSICA
Extensión 3 fotografías
Otras características físicas : aristotipo virado al oro
Dimensiones ; imagen 11 x 8 cm
-- ; soporte secundario 17,5 x 15 cm
500 00 - NOTA GENERAL
Nota general Conjunto de 3 fotografías que representan detalles de los capiteles y de un óculo de estilo románico del Monasterio de Santa María de Carracedo en León (Castilla y León).
500 00 - NOTA GENERAL
Nota general Fecha tomada del conjunto de fotografías dedicado al Monasterio de Santa María de Carracedo (signaturas de Fot-547 a Fot-556)
500 00 - NOTA GENERAL
Nota general Identificación basada en el artículo de Moráis Morán, José Alberto; Cosmen Alonso, María C. "La desaparecida portada románica del monasterio de Santa María de Carracedo: (León)", Anuario de estudios medievales, ISSN 0066-5061, Vol. 50, Nº 1, 2020, págs. 231-266. (Disponible en https://estudiosmedievales.revistas.csic.es/index.php/estudiosmedievales/article/view/1199/1194)<br/><br/> <br/><br/><br/><br/>
510 ## - NOTA DE CITAS O REFERENCIAS BIBLIOGRÁFICAS
Nombre de la fuente Moráis Morán, José Alberto; Cosmen Alonso, María C. "La desaparecida portada románica del monasterio de Santa María de Carracedo: (León)", Anuario de estudios medievales, ISSN 0066-5061, Vol. 50, Nº 1, 2020, págs. 231-266.
610 20 - PUNTO DE ACCESO ADICIONAL DE MATERIA--NOMBRE DE ENTIDAD CORPORATIVA
Nombre de entidad corporativa o nombre de jurisdicción como elemento de entrada Monasterio de Santa María de Carracedo (León)
9 (RLIN) 111669
651 #7 - PUNTO DE ACCESO ADICIONAL DE MATERIA--NOMBRE GEOGRÁFICO
Nombre geográfico León
Fuente del encabezamiento o término embne
9 (RLIN) 75160
655 #0 - TERMINO DE INDIZACIÓN--GENERO/FORMA
Datos o término principal de género/forma Fotografías de monumentos
9 (RLIN) 111580
852 ## - LOCALIZACIÓN
Número de control de estantería Fot-648; Fot-649; Fot-650
856 ## - LOCALIZACIÓN Y ACCESO ELECTRÓNICOS
Identificador Uniforme de Recurso <a href="https://archivoybiblioteca.realacademiabellasartessanfernando.com/cgi-bin/koha/opac-retrieve-file.pl?id=b7448c678e020226251443773dae76ae">https://archivoybiblioteca.realacademiabellasartessanfernando.com/cgi-bin/koha/opac-retrieve-file.pl?id=b7448c678e020226251443773dae76ae</a>
Texto de enlace Fot-648
856 ## - LOCALIZACIÓN Y ACCESO ELECTRÓNICOS
Identificador Uniforme de Recurso <a href="https://archivoybiblioteca.realacademiabellasartessanfernando.com/cgi-bin/koha/opac-retrieve-file.pl?id=a8a85d382b3e4cda1ccfbdeccdc69158">https://archivoybiblioteca.realacademiabellasartessanfernando.com/cgi-bin/koha/opac-retrieve-file.pl?id=a8a85d382b3e4cda1ccfbdeccdc69158</a>
Texto de enlace Fot-649
856 ## - LOCALIZACIÓN Y ACCESO ELECTRÓNICOS
Identificador Uniforme de Recurso <a href="https://archivoybiblioteca.realacademiabellasartessanfernando.com/cgi-bin/koha/opac-retrieve-file.pl?id=83e9a2106cea6e9e2fd7c07ee22a25ac">https://archivoybiblioteca.realacademiabellasartessanfernando.com/cgi-bin/koha/opac-retrieve-file.pl?id=83e9a2106cea6e9e2fd7c07ee22a25ac</a>
Texto de enlace Fot-650
942 ## - ELEMENTOS DE ENTRADA SECUNDARIOS (KOHA)
Tipo de ítem Koha Fotografías
Suprimir en OPAC No
Holdings
Estatus retirado Estado de pérdida Fuente de la clasificación o esquema de estantería Estado de daño No para préstamo Colección Biblioteca de origen Biblioteca actual Ubicación en estantería Fecha de adquisición Total de préstamos Signatura topográfica completa Código de barras Visto por última vez Precio de reemplazo Tipo de ítem Koha
    Clasificación Decimal Dewey     Fotografía Real Academia de la Bellas Artes de San Fernando Real Academia de la Bellas Artes de San Fernando Depósito 2 16/04/2026   Fot-648 1096919 16/04/2026 16/04/2026 Fotografías
    Clasificación Decimal Dewey     Fotografía Real Academia de la Bellas Artes de San Fernando Real Academia de la Bellas Artes de San Fernando Depósito 2 16/04/2026   Fot-649 1096920 16/04/2026 16/04/2026 Fotografías
    Clasificación Decimal Dewey     Fotografía Real Academia de la Bellas Artes de San Fernando Real Academia de la Bellas Artes de San Fernando Depósito 2 16/04/2026   Fot-650 1096921 16/04/2026 16/04/2026 Fotografías

Powered by Koha